Muscle car chronicle / (Record no. 310)

MARC details
000 -LEADER
fixed length control field 01228cam a22003017a 4500
005 - DATE AND TIME OF LATEST TRANSACTION
control field 20260322212014.0
008 - FIXED-LENGTH DATA ELEMENTS--GENERAL INFORMATION
fixed length control field data
010 ## - LIBRARY OF CONGRESS CONTROL NUMBER
LC control number 2011925586
020 ## - INTERNATIONAL STANDARD BOOK NUMBER
International Standard Book Number 9781450825337
020 ## - INTERNATIONAL STANDARD BOOK NUMBER
International Standard Book Number 1450825338
040 ## - CATALOGING SOURCE
Original cataloging agency EYP
Transcribing agency EYP
Modifying agency DLC
042 ## - AUTHENTICATION CODE
Authentication code lccopycat
050 00 - LIBRARY OF CONGRESS CALL NUMBER
Classification number TL15
Item number .M828 2011
092 ## - LOCALLY ASSIGNED DEWEY CALL NUMBER (OCLC)
Classification number 629.22 Mus 2011
001 - CONTROL NUMBER
control field data
245 10 - TITLE STATEMENT
Title Muscle car chronicle /
Statement of responsibility, etc. Consumer Guide (Firm).
260 ## - PUBLICATION, DISTRIBUTION, ETC.
Place of publication, distribution, etc. Lincolnwood, Ill. :
Name of publisher, distributor, etc. Publications International,
Date of publication, distribution, etc. c2011.
300 ## - PHYSICAL DESCRIPTION
Extent 368 p. :
Other physical details col. ill. ;
Dimensions 31 cm.
500 ## - GENERAL NOTE
General note Includes index.
520 ## - SUMMARY, ETC.
Summary, etc. Details the history of America's performance cars, from the 1949 Olds Rocket 88, to the '69 Dodge Charger, to the 2012 Ford Mustang Boss 302, with hundreds of color photos --
Assigning source Source other than Library of Congress.
650 #0 - SUBJECT ADDED ENTRY--TOPICAL TERM
Topical term or geographic name entry element Muscle cars
Form subdivision Pictorial works.
Geographic subdivision United States
650 #0 - SUBJECT ADDED ENTRY--TOPICAL TERM
Topical term or geographic name entry element Muscle cars
General subdivision History
Form subdivision Chronology.
Geographic subdivision United States
720 2# - ADDED ENTRY--UNCONTROLLED NAME
Name Consumer Guide (Firm)
906 ## - LOCAL DATA ELEMENT F, LDF (RLIN)
a 7
b cbc
c copycat
d 2
e epcn
f 20
g y-gencatlg
925 0# -
-- acquire
-- 2 shelf copies
-- policy default
955 ## - COPY-LEVEL INFORMATION (RLIN)
-- rl09 2013-08-29 c. 2 added ; to CALM
Holdings
Withdrawn status Lost status Damaged status Not for loan Home library Current library Shelving location Date acquired Total checkouts Full call number Barcode Date last seen Price effective from Koha item type
        Centerville Centerville General stacks 22/03/2026   TL15 .M828 2011 BC0010319 22/03/2026 22/03/2026 Books